| 000 | 00560nam a2200217Ia 4500 | ||
|---|---|---|---|
| 005 | 20250718145501.0 | ||
| 008 | 008 250715s9999 xx 000 0 eng d | ||
| 020 | _a9788197414237 (Hbk) | ||
| 037 | _aTextual | ||
| 040 |
_aFLL _cFLL |
||
| 041 |
_aeng _2eng |
||
| 084 |
_aZ2,5, R4.1 _qFLL |
||
| 100 | _aRatanlal & Dhirajlal | ||
| 245 | 0 | _aBharatiya Nagarik Suraksha Sanhita, 2023 | |
| 250 | _a23rd. | ||
| 260 |
_bHaryana Lexis Nexis India _c2024 |
||
| 300 | _a1241 ill | ||
| 365 | _b4995 | ||
| 942 | _cTEXL | ||
| 999 |
_c1433836 _d1433836 |
||